Autobiografía sin vida / (Record no. 179841)

MARC details
000 -LEADER
campo de control de longitud fija 00708nam a2200229 i 4500
001 - NÚMERO DE CONTROL
campo de control 179841
003 - IDENTIFICADOR DE NÚMERO DE CONTROL
campo de control ES-MaACL
005 - FECHA Y HORA DE LA ÚLTIMA TRANSACCIÓN
campo de control 20240421063031.0
008 - DATOS DE LONGITUD FIJA--INFORMACIÓN GENERAL
campo de control de longitud fija 120131s2010 sp |||| |dspa d
020 ## - NÚMERO INTERNACIONAL ESTÁNDAR DEL LIBRO
Número Internacional Estándar del Libro 978-84-397-2322-6
080 ## - NÚMERO DE LA CLASIFICACIÓN DECIMAL UNIVERSAL
Número de la Clasificación Decimal Universal 821.134.2-4"19"
100 1# - ENTRADA PRINCIPAL--NOMBRE DE PERSONA
Nombre de persona Azúa, Félix de,
Fechas asociadas al nombre 1944-
9 (RLIN) 24368
245 10 - MENCIÓN DEL TÍTULO
Título Autobiografía sin vida /
Mención de responsabilidad, etc. Félix de Azúa.
250 ## - MENCION DE EDICION
Mención de edición 1ª ed.
260 ## - PUBLICACIÓN, DISTRIBUCIÓN, ETC.
Lugar de publicación, distribución, etc. Barcelona :
Nombre del editor, distribuidor, etc. Mondadori,
Fecha de publicación, distribución, etc. 2010.
300 ## - DESCRIPCIÓN FÍSICA
Extensión 168 p. ;
Dimensiones 24 cm.
490 1# - MENCIÓN DE SERIE
Mención de serie Literatura Mondadori ;
Designación de volumen o secuencia 430
830 0# - PUNTO DE ACCESO ADICIONAL DE SERIE-TÍTULO UNIFORME
Título uniforme Literatura Mondadori ;
Designación de volumen o secuencia 430
9 (RLIN) 178630
852 ## - LOCALIZACIÓN
Ubicación ES-MaACL
Número de control de estantería A-11951
itemnumber 186742
Sublocalización o colección R.146941
Ubicación en estantería Depósito 1
Signatura antigua Olim: N-4956
942 ## - ELEMENTOS DE ENTRADA SECUNDARIOS (KOHA)
Fuente del sistema de clasificación o colocación Clasificación decimal universal
Tipo de ítem Koha Libro impreso
Holdings
Estatus retirado Estado de pérdida Fuente del sistema de clasificación o colocación Estado de daño No para préstamo Biblioteca de origen Biblioteca actual Ubicación en estantería Fecha de adquisición Fuente de adquisición Total de préstamos Signatura topográfica completa Código de barras Visto por última vez Precio de reemplazo Tipo de ítem Koha
    Clasificación decimal universal     Biblioteca del Ateneo de Madrid Biblioteca del Ateneo de Madrid Depósito 1 31/01/2012 Compra   A-11951 1188931 23/02/2023 23/02/2023 Libro impreso